| 000 | 01323cam a22003857a 4500 | ||
|---|---|---|---|
| 003 | CHAP | ||
| 005 | 20220817043156.0 | ||
| 008 | 971013s1986 r 00010 d | ||
| 010 | _a67566 | ||
| 011 | _a68538 | ||
| 035 | _a78011 | ||
| 040 | _cCHAP | ||
| 090 | _aFolleto 11146 | ||
| 110 |
_aFideicomisos Instituídos en Relación con la Agricultura. México _940733 |
||
| 245 | 0 |
_aSistema integral de estimulos a la producción agropecuaria _b: instrumentación y puesta en Marcha |
|
| 260 |
_aMéxico, D. F. : _bFIRA, _c1986 |
||
| 300 |
_app. 3-23 _b: ilus. |
||
| 410 | _aFIRA | ||
| 490 | 0 |
_aBoletin informativo _v; XVIII (179) |
|
| 501 | _aEnc. con otro impreso similar | ||
| 590 |
_aBATCH-UPD _b10 _c20130110 _lUCH01 _h1315 |
||
| 590 |
_aBATCH-UPD _b10 _c20130410 _lUCH01 _h0827 |
||
| 590 |
_aBATCH-UPD _b10 _c20130914 _lUCH01 _h0649 |
||
| 590 |
_aBATCH-UPD _b10 _c20130914 _lUCH01 _h2130 |
||
| 590 |
_aCONVERSION _b10 _c20130109 _lUCH01 _h1337 |
||
| 650 | 1 | 4 |
_aAgricultura _xImpuestos _xMexico. _91550 |
| 650 | 1 | 4 |
_aCarne _xProducción. _919109 |
| 650 | 1 | 4 |
_aCultivos _xRendimiento. _930318 |
| 650 | 1 | 4 |
_aGanadería _xImpuestos _xMéxico. _944754 |
| 810 |
_aFIRA _941029 |
||
| 830 | 0 |
_aBoletin informativo _v; XVIII (179) |
|
| 901 | _aBK | ||
| 942 | _cFOLL | ||
| 949 |
_aFolleto 11146 _bBC _cFOLL _d-30884 _eTS1 _i78011 _mD _si |
||
| 999 |
_c67566 _d67566 |
||